Určenie hysteréznych strát vybraných ocelí pri ich striedavom magnetovaní

Salvato in:
Dettagli Bibliografici
Autore principale: Dobrovodský, Ladislav (Autore)
Altri autori: Jančuška, Igor (Relatore della tesi)
Natura: Manoscritto Libro
Lingua:slovacco
Pubblicazione: 2022
Soggetti:
Accesso online:http://is.stuba.sk/zp/portal_zp.pl?podrobnosti=155442
Tags: Aggiungi Tag
Nessun Tag, puoi essere il primo ad aggiungerne!!

MARC

LEADER 00000ntm a22000003a 4500
001 stuzp89781
003 SK-STU
005 20220702212021.0
007 ta
008 150427s2015----xo-----f-mn---000-0-slo-d
040 |a STU  |b slo 
041 0 |a slo 
100 1 |a Dobrovodský, Ladislav  |u 061000  |4 aut  |U MTF Materiálovotechnologická fakulta  |T MTF Ústav materiálov  |X 103377  |U M1000  |Y 81  |7 103377 
242 0 1 |a Hysteresis losses determination of selected steels during their alternating magnetization  |y eng 
245 1 0 |a Určenie hysteréznych strát vybraných ocelí pri ich striedavom magnetovaní 
260 |c 2022 
650 4 |a Hysterézia  |2 slo 
650 4 |a Magnetizmus  |2 slo 
650 4 |a Elektromagnetizmus  |2 slo 
650 4 |a Tranformátor  |2 slo 
650 4 |a Weissove domény  |2 slo 
650 4 |a Magnetism  |2 eng 
650 4 |a Electromagnetism  |2 eng 
650 4 |a Transformer  |2 eng 
650 4 |a Hysteresis  |2 eng 
650 4 |a Weiss domains  |2 eng 
700 1 |a Jančuška, Igor  |u 061000  |k Z1  |4 ths  |U MTF Materiálovotechnologická fakulta  |T MTF Ústav materiálov  |X 1480  |U M1000  |Y 81  |7 A000001480 
856 4 |u http://is.stuba.sk/zp/portal_zp.pl?podrobnosti=155442 
996 |c M* BP-9313  |l MMSKP  |s P  |a 0  |w stuzp89781_0001